000
00256nam a22001097a 4500
999
_c
260636
_d
260635
020
_a
03375822747
100
_a
Jeanne DuPrau
245
_a
The City of the first book of Ember
260
_a
New York
_b
Random House
_c
2003
300
_a
270 pgs
942
_c
BK